El Parlamento centroamericano: una institución necesaria y un tratado poco conocido

Gespeichert in:
Bibliographische Detailangaben
1. Verfasser: Herrera Cáceres, Roberto
Format: Text
Veröffentlicht: s.l.: s.e.
Tags: Tag hinzufügen
Keine Tags, Fügen Sie den ersten Tag hinzu!

MARC

LEADER 00000 a a2200000 04500
001 21243
003
040
090 |a 092800  
100 |a Herrera Cáceres, Roberto  
245 |a El Parlamento centroamericano: una institución necesaria y un tratado poco conocido  
260 |a s.l.:   |b s.e.  
300 |a 14 p.  
999 |c 8469  |d 8469